In praise of shadows /

Bibliographic Details
Main Author: Tanizaki, Junʼichirō, 1886-1965
Other Authors: Harper, Thomas J., Seidensticker, Edward G.
Format: Book
Language:English
Japanese
Published: London : Vintage classics, 2025.
Series:Vintage classics
Subjects:
Classic Catalogue: View this record in Classic Catalogue
LEADER 01841nam a2200409 a 4500
001 45752
003 BD-DhAAL
005 20260512104635.0
008 260512t19772025enk 000 1 eng
010 |a  77075035  
020 |a 9781446475577 
035 |a 832903 
040 |a DLC  |c DLC  |d DLC  |d BD-DhAAL 
041 1 |a eng  |h jpn 
050 0 0 |a PL839.A7  |b A25 1977 
082 0 0 |a 895.644 
100 1 |a Tanizaki, Junʼichirō,  |d 1886-1965.  |9 60255 
240 1 0 |a Inʼei raisan.  |l English 
245 1 0 |a In praise of shadows /  |c Junʼichirō Tanizaki ; translated by Thomas J. Harper and Edward G. Seidensticker. 
260 |a London :  |b Vintage classics,  |c 2025. 
300 |a 73 pages :  |c 20 cm 
490 1 |a Vintage classics 
500 |a Translation of Inʼei raisan. 
500 |a Originally published: New Haven, Conn. : Leete's Island Books, 1977. 
526 |a AAL 
541 |a Donated by Embassy of Japan in Bangladesh, Read Japan Project 2025, The Tokyo Foundation, supported by The Nippon Foundation.  |e 45752 
546 |a Translated from the Japanese. 
650 0 |a Aesthetics, Japanese.  |9 60610 
650 0 |a Japanese essays.  |9 60651 
651 |a Japan  |x Civilization. 
700 1 |a Harper, Thomas J.  |9 60652 
700 1 |a Seidensticker, Edward G.  |9 60653 
830 0 |a Vintage classics  |9 60342 
852 1 |a Ayesha Abed Library  |c General Stacks 
942 |2 ddc  |c BK 
999 |c 47925  |d 47925 
952 |0 0  |1 0  |2 ddc  |4 0  |6 895_644000000000000_TAN  |7 0  |9 79182  |a BRACUL  |b BRACUL  |d 2026-05-12  |e Donated by Embassy of Japan in Bangladesh, Read Japan Project 2025, The Tokyo Foundation, supported by The Nippon Foundation.  |l 0  |o 895.644 TAN  |p 3010045752  |r 2026-05-12  |t 1  |w 2026-05-12  |y BK  |x Donated copy received from Embassy of Japan in Bangladesh, Read Japan Project 2025, The Tokyo Foundation, supported by The Nippon Foundation on 08 April 2026; $9.94